000 00903nam a2200325Ia 4500
001 Para_9450
003 CHAP
008 220125s2007 xx 000 0 und d
010 _a206100
040 _cCHAP
082 _a633.73 W3
100 _aWaller, J. M.
_9120931
245 _aCoffee pests, diseases and their management /
_c by J.M. Waller; M. Bigger and R.J. Hillocks
260 _aOxon :
_b CABI Publishing
300 _a434 p.
503 _aI.240611(ej.1)
650 _aCafé
_917085
650 _aCafé
_x aspectos económicos
_917090
650 _aCafé
_x enfermedades
_917136
650 _aCafé
_x plagas
_917181
700 _aBigger M.
_9172254
700 _aHillocks R.J.
_955459
901 _a633.73 W3
902 _aM
905 _a0000002007 a 0000000000 00
910 _a2007
942 _cPARA
942 _cPARA
_d1
999 _c206100
_d206100